000 00604nam a22001937a 4500
003 OSt
005 20160812125244.0
008 160812b xxu||||| |||| 00| 0 eng d
020 _a9780470022757
040 _cDNLM
082 _aWA900B83Q 2008.
100 _aBruce,Nigel;Pope,Daniel;Stanistreet,Debbi;
_99802
245 _aQuantitative Methods for Health Reserch.
_bA practicle Guide to Epidemiology and statistics.
260 _aEngland.
_bWiley;
_c2008.
300 _axiii,538p;
_bill;
_c26cm.
504 _areferences and index are included.
650 _aHealth Research.
_98843
942 _2z
_cO_SHELF
999 _c4949
_d4949